| 000 | 00678nam a2200205Ia 4500 | ||
|---|---|---|---|
| 999 |
_c18389 _d18389 |
||
| 082 | _aRR 070.50954 PRE; | ||
| 245 | 0 | _aPress and Registration of Books Act, 1867: 25 of 1867 | |
| 260 |
_aDelhi _bUniversal Law Publishing _c2003 |
||
| 300 | _aii, 36p. | ||
| 500 | _aBare Act with short notes | ||
| 650 | _aBook registration, National | ||
| 650 | _aRegistration of Newspapers (Central ) Rules, 1956 | ||
| 650 | _aPress and Registration Appellate Board (Practice and Procedure) Order, 196 | ||
| 650 | _aPress and Registration of Books Act, 1867 | ||
| 650 | _aPress Law | ||
| 650 | _aNewspapers | ||
| 650 | _aCopyright | ||
| 710 | _aUniversal Law Publishing | ||
| 942 | _cBK | ||